000 00623nam a2200229Ia 4500
003 OSt
005 20221006164028.0
006 a|||||r|||| 00| 0
007 ta
008 221006b |||||||| |||| 00| 0 hin d
024 _a3,912
037 _cTextual
040 _aFML
_cFML
_bhin
041 _2hin
_ahin
082 _aNR44,1, L7 - ; 2
100 _aKulshresth Jagdish Sahai Au.
_9676332
245 0 _aSangeet Shastra
260 _aHathras
_bSangeet Karyalaya
_c1977
300 _a81
_ccm.
942 _hNR44,1, L7 - ; 2
_cTEXL
_2CC
999 _c1116036
_d1116036